Štruktúra cudzincov na Slovensku podľa ekonomickej aktivity

Zahraničná imigrácia na Slovensku. Štruktúra cudzincov podľa druhu ekonomickej aktivity. Štruktúra a súčasné ekonomické činnosti občanov EÚ/EHP a Švajčiarska. Súčasné ekonomické činnosti občanov z tretích krajín.

Gespeichert in:
Bibliographische Detailangaben
1. Verfasser: Bilic, Michal
Weitere Verfasser: Krogmann, Alfred
Format: Buchkapitel
Sprache:Slowakisch
Schlagworte:
Tags: Tag hinzufügen
Keine Tags, Fügen Sie das erste Tag hinzu!

MARC

LEADER 00000naa a2200000 4500
001 0146321
005 20230908073326.3
041 0 |a slo 
044 |a SK 
245 1 0 |a Štruktúra cudzincov na Slovensku podľa ekonomickej aktivity  |c Michal Bilic, Alfred Krogmann 
520 |a Zahraničná imigrácia na Slovensku. Štruktúra cudzincov podľa druhu ekonomickej aktivity. Štruktúra a súčasné ekonomické činnosti občanov EÚ/EHP a Švajčiarska. Súčasné ekonomické činnosti občanov z tretích krajín. 
610 2 0 |a migrácia 
610 2 0 |a Švajčiarsko 
610 2 0 |a trh práce 
610 2 0 |a Slovensko 
610 2 0 |a Európska únia 
610 2 0 |a aktivita pracovná 
610 2 0 |a cudzinci 
100 1 |a Bilic, Michal 
700 1 |a Krogmann, Alfred